Southville International School and Colleges
Your cart is empty.
  • Cart
  • Lists
    Public lists Eva Luna New books Lux_list list_1
    Your lists Log in to create your own lists
  • Log in to your account
  • Your cookies
  • Search history
Southville International School and Colleges
  • Advanced search
  • Recent comments
  • Most popular
  • Libraries

Log in to your account

Log in with GOOGLE


If you do not have an external account, but do have a local account, you can still log in:

  1. Home
  2. MARC view: Ethical obligations and decision making in accounting :
Normal view MARC view ISBD view

Ethical obligations and decision making in accounting : (Record no. 288375)

[ view plain ]
MARC details
000 -LEADER
fixed length control field 01431cam a2200337 i 4500
001 - CONTROL NUMBER
control field 17693926
003 - CONTROL NUMBER IDENTIFIER
control field SISC
005 - DATE AND TIME OF LATEST TRANSACTION
control field 20170302083537.0
008 - FIXED-LENGTH DATA ELEMENTS--GENERAL INFORMATION
fixed length control field 130411s2014 nyu b 001 0 eng
010 ## - LIBRARY OF CONGRESS CONTROL NUMBER
LC control number 2013011582
020 ## - INTERNATIONAL STANDARD BOOK NUMBER
International Standard Book Number 9780077862213
020 ## - INTERNATIONAL STANDARD BOOK NUMBER
International Standard Book Number 007786221X
040 ## - CATALOGING SOURCE
Original cataloging agency DLC
Language of cataloging eng
Transcribing agency DLC
Description conventions rda
Modifying agency DLC
042 ## - AUTHENTICATION CODE
Authentication code pcc
043 ## - GEOGRAPHIC AREA CODE
Geographic area code n-us---
050 00 - LIBRARY OF CONGRESS CALL NUMBER
Classification number HF 5616.U5
Item number .M535 2014
082 00 - DEWEY DECIMAL CLASSIFICATION NUMBER
Classification number 174/.4
100 1# - MAIN ENTRY--PERSONAL NAME
Personal name Mintz, Steven M.
245 10 - TITLE STATEMENT
Title Ethical obligations and decision making in accounting :
Remainder of title text and cases /
Statement of responsibility, etc Steven M. Mintz, DBA, CPA, Professor of Accounting California Polytechnic State University, San Luis Obispo Roselyn E. Morris, PhD, CPA, Professor of Accounting Texas State University-San Marcos.
250 ## - EDITION STATEMENT
Edition statement 3rd edition.
260 ## - PUBLICATION, DISTRIBUTION, ETC. (IMPRINT)
Place of publication, distribution, etc New York :
Name of publisher, distributor, etc McGraw-Hill,
Date of publication, distribution, etc 2014.
300 ## - PHYSICAL DESCRIPTION
Extent xxii, 597 pages ;
Dimensions 25 cm.
500 ## - GENERAL NOTE
General note Includes bibliographical references and index.
650 #0 - SUBJECT ADDED ENTRY--TOPICAL TERM
Topical term or geographic name as entry element Accountants
General subdivision Professional ethics
Geographic subdivision United States
Form subdivision Case studies.
700 1# - ADDED ENTRY--PERSONAL NAME
Personal name Morris, Roselyn E.
856 42 - ELECTRONIC LOCATION AND ACCESS
Materials specified Publisher description
Uniform Resource Identifier <a href="http://www.loc.gov/catdir/enhancements/fy1501/2013011582-d.html">http://www.loc.gov/catdir/enhancements/fy1501/2013011582-d.html</a>
856 41 - ELECTRONIC LOCATION AND ACCESS
Materials specified Table of contents only
Uniform Resource Identifier <a href="http://www.loc.gov/catdir/enhancements/fy1501/2013011582-t.html">http://www.loc.gov/catdir/enhancements/fy1501/2013011582-t.html</a>
906 ## - LOCAL DATA ELEMENT F, LDF (RLIN)
a 7
b cbc
c orignew
d 1
e ecip
f 20
g y-gencatlg
942 ## - ADDED ENTRY ELEMENTS (KOHA)
Source of classification or shelving scheme Library of Congress Classification
Koha item type Books
Call number prefix Foreign
Holdings
Withdrawn status Lost status Source of classification or shelving scheme Damaged status Home library Current library Shelving location Date acquired Source of acquisition Cost, normal purchase price Sub Shelving location Total Checkouts Full call number Barcode Date last seen Date checked out Price effective from Koha item type
    Library of Congress Classification   College Library College Library Reserve Section 08/10/2015 Library Fund 5888.00   1 HF 5616.U5 .M535 2014 C19696 05/15/2018 10/21/2016 08/10/2015 Books

Ethical obligations and decision making in accounting :

APA

Mintz S. M., Morris R. E., . (2014). Ethical obligations and decision making in accounting. New York: McGraw-Hill.

Chicago

Mintz Steven M, Morris Roselyn E, . 2014. Ethical obligations and decision making in accounting. New York: McGraw-Hill.

Harvard

Mintz S. M., Morris R. E., . (2014). Ethical obligations and decision making in accounting. New York: McGraw-Hill.

MLA

Mintz Steven M, Morris Roselyn E, . Ethical obligations and decision making in accounting. New York: McGraw-Hill. 2014.

  • Place hold
  • Print
  • Cite
  • Add to your cart (remove)
  • Save record
    BIBTEX Dublin Core MARCXML MARC (non-Unicode/MARC-8) MARC (Unicode/UTF-8) MARC (Unicode/UTF-8, Standard) MODS (XML) RIS
  • More searches
    Search for this title in:
    Other Libraries (WorldCat) Other Databases (Google Scholar) Online Stores (Bookfinder.com) Open Library (openlibrary.org)

Exporting to Dublin Core...

SOUTHVILLE LIBRARY

Southville International School and Colleges Library

1281 Tropical Ave. Cor. Luxembourg St., BF Homes International, Las Pinas City

Tel. No. 8256374 / 252358 Loc. 117/146

Powered by Koha